Statystyki dla 40 największych miast Europy

Kliknij tutaj aby rozwiązać quiz!

Ogólne statystyki

  • Ten quiz został rozwiązany 339 razy
  • Średni wynik to 25 z 40

Statystyki odpowiedzi

PopulacjaMiasto% Poprawnych
2,33 mlnWarszawa
97%
17,2 mlnMoskwa
96%
4,75 mlnBerlin
95%
14,7 mlnLondyn
94%
11,4 mlnParyż
94%
6,45 mlnMadryt
93%
3,58 mlnRzym
90%
3,45 mlnKijów
89%
4,73 mlnBarcelona
84%
3,35 mlnAteny
76%
2,28 mlnMonachium
76%
2,55 mlnLizbona
75%
15,8 mlnStambuł
75%
2,25 mlnWiedeń
74%
2,45 mlnAmsterdam
73%
2,20 mlnBukareszt
73%
5,20 mlnMediolan
73%
2,60 mlnBudapeszt
72%
2,00 mlnMińsk
72%
5,60 mlnPetersburg
71%
2,88 mlnHamburg
66%
2,20 mlnSztokholm
66%
4,23 mlnNeapol
65%
2,05 mlnBruksela
63%
3,05 mlnManchester
61%
1,67 mlnKopenhaga
60%
1,66 mlnMarsylia
55%
1,87 mlnLiverpool
52%
1,99 mlnLyon
48%
1,65 mlnCharków
45%
3,23 mlnRotterdam /
Haga
40%
3,13 mlnBirmingham
39%
1,66 mlnGlasgow
35%
1,77 mlnWalencja
31%
5.00 mlnDüsseldorf /
Kolonia
26%
2,15 mlnLeeds
20%
3,28 mlnFrankfurt nad
Menem
14%
1,74 mlnNiżny Nowogród
14%
2,43 mlnStuttgart
14%
5.75 mlnZagłębie Ruhry
5%

Rozkład punktacji

Percentyl według liczby udzielonych odpowiedzi

Procent ludzi z każdym wynikiem

Twoja historia wyników

Nie rozwiązałeś tego quizu